000 00471nam a2200133 4500
999 _c14285
_d14285
008 190906b ||||| |||| 00| 0 eng d
082 _aDPer 050 T48 Apr-June 2016 v. 187 n. 12-24
100 _939481
_aPark, Alice.
245 _aThe role of boxing in the death of Muhammad Ali remains unclear/
_cAlice Park.
260 _aHong Kong:
_bTime Asia,
_cc2016.
300 _av187 n23, page 8:
_billustrations;
_c27 cm.
650 _aDiseases
_xParkinson.
_940176
942 _2ddc
_cPER